The girl from Purple Mountain : love, honor, war, ... Read More
Available copies
- 1 of 1 copy available at LARL/NWRL Consortium.
- 1 of 1 copy available at Lake Agassiz Regional Library. (Show preferred library)
Current holds
0 current holds with 1 total copy.
Show Only Available Copies
| Location | Call Number / Copy Notes | Barcode | Shelving Location | Status | Due Date |
|---|---|---|---|---|---|
| Climax Public Library | 921 Cha (Text) | 33500006387252 | Main | Available | - |
Record details
- ISBN: 0312268084
- Physical Description: xii, 306 p. : ill. ; 25 cm.
- Publisher: New York : Thomas Dunne Books, 2001.
Search for related items by subject
| Subject: | Chai, Ruth Tsao. Chinese Americans > Biography. China > Biography. |
| LDR | 00955cam a2200277Ia 4500 | ||
|---|---|---|---|
| 001 | 35799 | ||
| 003 | LARL_NWRL_CONSORTIUM | ||
| 005 | 20010809080141.0 | ||
| 008 | 010131s2001 nyua 000 0beng | ||
| 010 | . | ‡a2001017425 | |
| 020 | . | ‡a0312268084 | |
| 035 | . | ‡a(OCoLC)45909060 | |
| 040 | . | ‡aDLC ‡cDLC | |
| 082 | 0 | 0. | ‡a973/.04951/0092 ‡aB ‡221 |
| 092 | . | ‡a921 ‡bCha | |
| 100 | 1 | . | ‡aChai, May-Lee. ‡0(LARL_NWRL_CONSORTIUM)154537 |
| 245 | 1 | 4. | ‡aThe girl from Purple Mountain : ‡blove, honor, war, and one family's journey from China to America / ‡cMay-Lee Chai and Winberg Chai. |
| 260 | . | ‡aNew York : ‡bThomas Dunne Books, ‡c2001. | |
| 300 | . | ‡axii, 306 p. : ‡bill. ; ‡c25 cm. | |
| 600 | 1 | 0. | ‡aChai, Ruth Tsao. ‡0(LARL_NWRL_CONSORTIUM)11017 |
| 650 | 0. | ‡aChinese Americans ‡vBiography. ‡0(LARL_NWRL_CONSORTIUM)164271 | |
| 651 | 0. | ‡aChina ‡vBiography. ‡0(LARL_NWRL_CONSORTIUM)168359 | |
| 700 | 1 | . | ‡aChai, Winberg. ‡0(LARL_NWRL_CONSORTIUM)49750 |
| 901 | . | ‡a35799 ‡bOCLC ‡c35799 ‡tbiblio | |

Add to basket
Permalink
Disable Highlighting